Nová strategická koncepcia NATO: priority a realita
Priority NATO - obrana spoločného priestoru demokracií Európy a Severnej Ameriky, boj proti terorizmu a organizovanému zločinu vrátane šírenia zbraní hromadného ničenia, zvládanie krízových situácií vo svete ako aj dohľad nad budovaním inštitúcií. Hlavné príčiny nových hrozieb. Partnerstvá a spojene...
Na minha lista:
| Autor principal: | |
|---|---|
| Formato: | Capítulo de Livro |
| Idioma: | eslovaco |
| Assuntos: | |
| Tags: |
Sem tags, seja o primeiro a adicionar uma tag!
|
MARC
| LEADER | 00000naa$a2200000$$$4500 | ||
|---|---|---|---|
| 001 | 0117053 | ||
| 005 | 20231018093820.2 | ||
| 041 | 0 | |a slo | |
| 044 | |a SK | ||
| 245 | 1 | 0 | |a Nová strategická koncepcia NATO: priority a realita |c Ivo Samson |
| 520 | |a Priority NATO - obrana spoločného priestoru demokracií Európy a Severnej Ameriky, boj proti terorizmu a organizovanému zločinu vrátane šírenia zbraní hromadného ničenia, zvládanie krízových situácií vo svete ako aj dohľad nad budovaním inštitúcií. Hlavné príčiny nových hrozieb. Partnerstvá a spojenectvá. | ||
| 610 | 2 | 0 | |a organizácie medzinárodné |
| 610 | 2 | 0 | |a sily ozbrojené |
| 610 | 2 | 0 | |a bezpečnosť medzinárodná |
| 610 | 2 | 0 | |a partnerstvo strategické |
| 610 | 2 | 0 | |a spolupráca medzinárodná |
| 610 | 2 | 0 | |a politika medzinárodná |
| 100 | 1 | |a Samson, Ivo | |